000 00578cam a22002172a 4500
001 013495
003 AR-FADEU
008 311216n1967####xxu####################dd
092 _a928
_bF612
100 _aFletcher, Ian
245 _aBeaumont and Fletcher
260 _aLondon
260 _bLongmans, Green
260 _c1967
300 _a60 p. : il
440 _aWriters and their work, bibliographical
_n199
500 _aIncludes bibliography
650 _aBEAUMONT, FRANCIS-BIOGRAFIA; FLETCHER, JOHN-BIOGRAFIA; BIOGRAFIAS
546 _aInglés
942 _cBDGR
999 _c19262
_d19262